banner-ar

وصف الاسكندرية / (Record no. 65337)

MARC details
000 -الفاتح
حقل البيانات ثابتة الطول 01055nam a22002657a 4500
005 - وقت وتاريخ اخر تعامل مع التسجيلة
رقم الضبط 20240530110819.0
008 - عناصر البيانات ثابتة الطول - معلومات عامة
حقل البيانات ثابتة الطول 190710s2018 ua bf f b 000 0 ara d
017 ## - رقم الايداع القانونى
رقم الايداع القانونى 5976/2018
المصدر ( الهيئة المختصة) مصر. دار الكتب
020 ## - الرقم الدولى المعيارى للكتب
الرقم الدولى المعيارى للكتاب 9789774524664
040 ## - مصدر الفهرسة
وكالة الفهرسة الأصلية EG-CaGPL
وكالة النسخ EG-CaGPL
082 04 - رقم تصنيف ديوى العشرى
رقم الطبعة 21
رقم التصنيف 962.1/
رقم المادة ق/ح و
100 0# - المدخل الرئيسى - إسم شخصى
الإسم الشخصى حسام عبدالباسط
245 10 - بيان العنوان
العنوان وصف الاسكندرية /
بيان المسئوليه,etc اعداد حسام عبدالباسط ؛ تقديم مصطفى الفقى
260 ## - PUBLICATION, DISTRIBUTION, ETC. (IMPRINT)
تاريخ النشر أو التوزيع 2018.
300 ## - الوصف المادى
التعداد 182 ص. :
تفاصيل ماديه اخرى للوعاء ايض ؛
أبعاد الوعاء 32 سم.
490 0# - بيان السلسلة
عنوان السلسلة سلسلة ذاكرة مصر المعاصرة ؛
رقم المجلد/ التعيين التسلسلي 18.
504 ## - تبصرة ببليوجرافية
تبصرة ببليوجرافية,الخ يشتمل على ارجاعات ببليوجرافية
650 ## - المدخل الاضافى بالموضوع-مصطلح موضوعى
مصدر الرأس أو المصطلح qrmak
651 07 - المدخل الاضافى بالموضوع - اسم جغرافى
مصدر الرأس أو المصطلح qrmak
الاسم الجغرافي الاسكندرية
التقسيم الفرعي العام تاريخ
651 07 - المدخل الاضافى بالموضوع - اسم جغرافى
مصدر الرأس أو المصطلح qrmak
الاسم الجغرافي الاسكندرية
التقسيم الفرعي العام وصف ورحلات
651 07 - المدخل الاضافى بالموضوع - اسم جغرافى
مصدر الرأس أو المصطلح qrmak
الاسم الجغرافي الاسكندرية
التقسيم الفرعي العام محافظة
700 0# - المدخل الاضافى - اسم شخصى
الإسم الشخصى مصطفى الفقى
الدور مقدم
942 ## - عناصر المدخل الإضافي( كوها)
مصدر التصنيف او مخطط الترفيف Dewey Decimal Classification
Koha [default] item type كتاب
260 ## - PUBLICATION, DISTRIBUTION, ETC. (IMPRINT)
-- الاسكندرية :
-- مكتبة الاسكندرية،
Holdings
حالة التراجع حالة الفقد حالة تلف ليس للاعارة المكان المؤقت الموقع الحالى موقع الترفيف تاريخ الاكتساب اجمالي اﻻعارات رقم الطلب الباركود تاريخ اخر مشاهدة تاريخ تفعيل السعر نوع وعاء كوها
        مكتبة القاهرة الكبرى مكتبة القاهرة الكبرى   07/10/2019   962.1/ ق/ح و 166069 07/10/2019 07/10/2019 كتاب

Powered By

EGPV